00655nam a22001697a 4500003000400000005001700004008004100021040001800062100003000080245013500110260002000245650002100265650004400286650005000330700002700380856007800407OSt20240529143520.0240529b ||||| |||| 00| 0 eng d cAIMIT LIBRARY aRasal, Muhammed.e2016086 aEmployee perception on performance appraisal system at veegaland developers pvt ltd /cBy Muhammed Rasal ;Guided by Rowena Wright. aKerala ;c2022. aIndustry profile aIdentification of variables under study aStatistical tools and techniques for analysis aWright, Rowena.eGuide 3Veegaland Developers Private Limited.umail@veegland.inymail@veegland.in